000 00270nam a22001097a 4500
008 170111b xxu||||| |||| 00| 0 eng d
020 _a9780397557585
041 _aeng
080 _24TH
_a618.2
245 _aPSYCHIATRIC-MNTAL HEALTH NURSING
_cJOHNSON, B.S
942 _2udc
_cBK
999 _c2712
_d2712